[Event "World Chess Olympiad 2018"]
[Site "Batumi"]
[Date "2018.09.28"]
[Round "5"]
[Board "2"]
[WhiteFideId "1900021"]
[White "Fernandes Antonio"]
[BlackFideId "4107101"]
[Black "Meshkov Yuri A."]
[Result "1-0"]
[LiveChessVersion "1.4.8"]
[BlackElo "2313"]
[WhiteElo "2389"]

1. d4 {[%clk 1:30:47]} Nf6 {[%clk 1:29:49]} 2. g3 {[%clk 1:29:15]} d5
{[%clk 1:28:52]} 3. Bg2 {[%clk 1:25:59]} c6 {[%clk 1:29:02]} 4. Nf3
{[%clk 1:23:17]} Bf5 {[%clk 1:22:16]} 5. O-O {[%clk 1:20:41]} h6 {[%clk 1:21:42]}
6. c4 {[%clk 1:16:49]} e6 {[%clk 1:21:55]} 7. Nc3 {[%clk 1:16:57]} Nbd7
{[%clk 1:21:22]} 8. Ne5 {[%clk 0:52:57]} Nxe5 {[%clk 1:20:19]} 9. dxe5
{[%clk 0:53:25]} Nd7 {[%clk 1:14:07]} 10. cxd5 {[%clk 0:49:56]} exd5
{[%clk 1:13:37]} 11. e4 {[%clk 0:39:03]} dxe4 {[%clk 1:12:51]} 12. Nxe4
{[%clk 0:39:09]} Bxe4 {[%clk 1:11:29]} 13. Bxe4 {[%clk 0:39:09]} Nc5
{[%clk 1:11:50]} 14. Qe2 {[%clk 0:32:23]} Nxe4 {[%clk 1:10:45]} 15. Qxe4
{[%clk 0:31:36]} Qd7 {[%clk 1:10:25]} 16. Be3 {[%clk 0:30:49]} Qe6
{[%clk 1:09:39]} 17. f4 {[%clk 0:24:08]} f5 {[%clk 1:09:55]} 18. Qc2
{[%clk 0:23:46]} Be7 {[%clk 1:02:23]} 19. Bc5 {[%clk 0:22:17]} O-O
{[%clk 1:02:25]} 20. Bxe7 {[%clk 0:22:44]} Qxe7 {[%clk 1:02:49]} 21. Rad1
{[%clk 0:21:37]} Rad8 22. b3 {[%clk 0:06:19]} Qe6 {[%clk 0:53:41]} 23. Qc4
{[%clk 0:05:59]} Kf7 24. Kf2 {[%clk 0:06:13]} g5 {[%clk 0:29:25]} 25. Ke3
{[%clk 0:02:57]} Qxc4 {[%clk 0:27:36]} 26. bxc4 {[%clk 0:03:26]} Ke6
{[%clk 0:27:55]} 27. c5 {[%clk 0:02:03]} Rd5 {[%clk 0:28:09]} 28. Rxd5
{[%clk 0:02:28]} Kxd5 {[%clk 0:28:26]} 29. Rd1+ {[%clk 0:01:38]} Kxc5
{[%clk 0:28:09]} 30. Rd6 {[%clk 0:01:15]} g4 {[%clk 0:27:24]} 31. Rxh6
{[%clk 0:00:50]} b5 {[%clk 0:27:41]} 32. h3 {[%clk 0:00:44]} gxh3
{[%clk 0:27:41]} 33. Rxh3 {[%clk 0:01:11]} b4 {[%clk 0:26:09]} 34. Rh2
{[%clk 0:00:35]} Rg8 {[%clk 0:25:21]} 35. Kf3 {[%clk 0:00:31]} a5
{[%clk 0:25:23]} 36. Rc2+ {[%clk 0:00:31]} Kb5 {[%clk 0:25:35]} 37. e6
{[%clk 0:00:40]} c5 {[%clk 0:25:36]} 38. Re2 {[%clk 0:00:42]} a4 {[%clk 0:25:33]}
39. e7 {[%clk 0:00:52]} Re8 {[%clk 0:25:48]} 40. g4 {[%clk 0:31:15]} fxg4+
{[%clk 0:55:33]} 41. Kxg4 {[%clk 0:31:39]} Rg8+ {[%clk 0:54:04]} 42. Kh5
{[%clk 0:25:29]} Kc6 {[%clk 0:51:19]} 43. f5 {[%clk 0:00:56]} Kd7
{[%clk 0:50:30]} 44. f6 {[%clk 0:01:24]} Ke8 {[%clk 0:49:30]} 45. Rd2
{[%clk 0:01:30]} Kf7 {[%clk 0:49:34]} 46. Rd8 {[%clk 0:01:43]} Kxf6
{[%clk 0:49:24]} 47. Rxg8 {[%clk 0:01:40]} Kxe7 {[%clk 0:49:48]} 48. Ra8
{[%clk 0:01:45]} Kd6 {[%clk 0:29:35]} 49. Kg4 {[%clk 0:02:01]} b3
{[%clk 0:29:03]} 50. axb3 {[%clk 0:01:57]} axb3 {[%clk 0:29:21]} 51. Kf3
{[%clk 0:00:32]} 1-0

[Event "World Chess Olympiad 2018"]
[Site "Batumi"]
[Date "2018.09.28"]
[Round "5"]
[Board "3"]
[WhiteFideId "14114879"]
[White "Grigorchuk Sergey"]
[BlackFideId "1909991"]
[Black "Martins David Pires Tavares"]
[Result "0-1"]
[LiveChessVersion "1.4.8"]
[BlackElo "2402"]
[WhiteElo "2288"]

1. d4 g6 2. Nf3 f5 3. g3 Nf6 4. Bg2 Bg7 5. O-O O-O 6. b3 Ne4 7. Bb2 d6 8. Nfd2
Nxd2 9. Nxd2 Nc6 10. Nc4 f4 11. e3 d5 12. Ne5 fxe3 13. f4 Nxe5 14. dxe5 Be6 15.
Bd4 Qd7 16. Bxe3 Rfd8 17. Qd2 d4 18. Bf2 c5 19. c3 Bd5 20. cxd4 Bxg2 21. Kxg2
Qd5+ 22. Kg1 cxd4 23. Rfd1 d3 24. Rac1 Rd7 25. Rc3 Rad8 26. Bxa7 Qe6 27. Qe3 g5
28. Rcxd3 gxf4 29. Rxd7 Rxd7 30. Qe2 Qa6 31. Qxa6 Rxd1+ 32. Qf1 Rxf1+ 33. Kxf1
fxg3 34. hxg3 Kf7 35. Ke2 Bxe5 36. Kf3 Ke6 37. Bc5 h5 38. a4 Bd6 39. Bf2 Kd5 40.
Be3 e5 41. Bf2 e4+ 42. Ke2 Ke5 43. Be1 Kd4 44. b4 Kc4 45. b5 Bb4 46. Bf2 Kb3 47.
Ke3 Kxa4 48. Kxe4 Kxb5 49. Kf5 Kc4 50. Kg6 b5 51. Kxh5 Bd2 52. g4 b4 0-1

[Event "World Chess Olympiad 2018"]
[Site "Batumi"]
[Date "2018.09.28"]
[Round "5"]
[Board "4"]
[WhiteFideId "1917617"]
[White "Sousa Andre Ventura"]
[BlackFideId "1103520"]
[Black "Dukaczewski Piotr"]
[Result "1-0"]
[LiveChessVersion "1.4.8"]
[BlackElo "2259"]
[WhiteElo "2365"]

1. e4 c5 2. Nf3 d6 3. c3 Nf6 4. Be2 Nc6 5. d4 e5 6. O-O Be7 7. dxe5 dxe5 8. Qc2
a6 9. Nbd2 Qc7 10. a4 O-O 11. Nc4 Bg4 12. Ne3 Bxf3 13. Bxf3 g6 14. Be2 Rab8 15.
g4 Bd6 16. g5 Ne8 17. Qd3 b5 18. axb5 axb5 19. Nd5 Qb7 20. Bg4 Ne7 21. Rd1 Rd8
22. Be3 Nxd5 23. Qxd5 Qxd5 24. Rxd5 f5 25. Bd1 Nc7 26. Rxd6 Rxd6 27. Bxc5 Rd2 28.
Bb3+ Kg7 29. Ra7 Rd7 30. Bxf8+ Kxf8 31. exf5 gxf5 32. h4 Ke7 33. h5 Kd6 34. h6
Rd8 35. Kg2 e4 36. Kg3 Rf8 37. Kf4 Kc6 38. Ke5 Kb6 39. Ra1 Na6 40. g6 Nc5 41. Bf7
hxg6 42. h7 Nd7+ 43. Ke6 Rh8 44. Bg8 Nf8+ 45. Kf7 Nxh7 46. Kg7 Rxg8+ 47. Kxg8
Nf6+ 48. Kf7 Ng4 49. Kxg6 Nxf2 50. Kxf5 e3 51. Re1 Nd3 52. Re2 Kc5 53. Ke4 Nc1
54. Re1 Na2 55. Ra1 Nxc3+ 56. bxc3 Kc4 57. Kxe3 Kxc3 58. Rc1+ Kb2 59. Kd2 b4 60.
Rc8 b3 61. Rb8 1-0

[Event "World Chess Olympiad 2018"]
[Site "Batumi"]
[Date "2018.09.28"]
[Round "5"]
[Board "1"]
[WhiteFideId "13702661"]
[White "Jumabayev Rinat"]
[BlackFideId "14700077"]
[Black "Amonatov Farrukh"]
[Result "1/2-1/2"]
[LiveChessVersion "1.4.8"]
[BlackElo "2615"]
[WhiteElo "2605"]

1. d4 {[%clk 1:28:44]} Nf6 {[%clk 1:30:44]} 2. c4 {[%clk 1:29:09]} g6
{[%clk 1:30:24]} 3. Nc3 {[%clk 1:29:36]} Bg7 4. e4 d6 {[%clk 1:30:59]} 5. Bd3
{[%clk 1:29:42]} O-O {[%clk 1:30:15]} 6. Nge2 {[%clk 1:30:06]} c5
{[%clk 1:27:39]} 7. d5 {[%clk 1:30:30]} e6 {[%clk 1:27:21]} 8. O-O
{[%clk 1:30:56]} exd5 {[%clk 1:26:47]} 9. cxd5 {[%clk 1:31:22]} a6
{[%clk 1:25:51]} 10. a4 {[%clk 1:31:47]} Re8 {[%clk 1:26:16]} 11. Ng3
{[%clk 1:32:02]} b6 {[%clk 1:21:28]} 12. h3 {[%clk 1:29:07]} Ra7 {[%clk 1:17:52]}
13. Bg5 {[%clk 1:22:36]} h6 {[%clk 1:16:53]} 14. Bd2 {[%clk 1:23:04]} Nh7
{[%clk 1:12:55]} 15. f4 {[%clk 1:22:58]} h5 {[%clk 1:10:16]} 16. Kh1
{[%clk 1:12:27]} h4 {[%clk 0:57:05]} 17. Nge2 {[%clk 1:10:22]} Nd7
{[%clk 0:57:02]} 18. Be1 {[%clk 1:09:17]} Rc7 {[%clk 0:55:23]} 19. Bc4
{[%clk 1:02:18]} Ndf8 {[%clk 0:47:03]} 20. Ng1 {[%clk 0:45:56]} g5
{[%clk 0:35:59]} 21. fxg5 {[%clk 0:45:49]} Ng6 {[%clk 0:36:25]} 22. Nf3
{[%clk 0:46:15]} Nxg5 {[%clk 0:36:18]} 23. Nxh4 {[%clk 0:46:17]} Nxe4
{[%clk 0:30:10]} 24. Nxg6 {[%clk 0:41:29]} Nxc3 {[%clk 0:25:55]} 25. bxc3
{[%clk 0:41:10]} fxg6 {[%clk 0:26:20]} 26. Qd2 {[%clk 0:35:06]} Be5
{[%clk 0:18:19]} 27. Bd3 {[%clk 0:21:14]} Kg7 {[%clk 0:14:09]} 28. Rb1
{[%clk 0:13:36]} Rh8 {[%clk 0:11:43]} 29. Qe3 {[%clk 0:13:52]} Rh5
{[%clk 0:06:25]} 30. Be2 {[%clk 0:08:52]} Rh6 {[%clk 0:04:52]} 31. Bd2
{[%clk 0:07:29]} Rh4 {[%clk 0:04:58]} 32. c4 {[%clk 0:06:44]} Bf5
{[%clk 0:03:41]} 33. Bd3 {[%clk 0:06:14]} Bd4 {[%clk 0:02:05]} 34. Qg3
{[%clk 0:06:15]} Be5 {[%clk 0:02:26]} 35. Qe3 {[%clk 0:03:58]} Rf7
{[%clk 0:02:08]} 36. Rf3 {[%clk 0:02:34]} Bxd3 {[%clk 0:00:56]} 37. Rxf7+
{[%clk 0:02:56]} Kxf7 {[%clk 0:01:25]} 38. Qxd3 {[%clk 0:03:19]} Kg7
{[%clk 0:01:24]} 39. Rf1 {[%clk 0:02:41]} Qe7 {[%clk 0:00:43]} 40. g4
{[%clk 0:30:42]} Rh8 {[%clk 0:30:42]} 41. Qf3 {[%clk 0:31:08]} Bd4
{[%clk 0:26:53]} 42. Bf4 {[%clk 0:21:10]} Rb8 {[%clk 0:20:02]} 43. Bg3
{[%clk 0:17:43]} Be5 {[%clk 0:09:52]} 44. Qe2 {[%clk 0:06:09]} Re8
{[%clk 0:08:55]} 45. Bxe5+ {[%clk 0:05:38]} Qxe5 {[%clk 0:08:53]} 46. Qxe5+
{[%clk 0:06:02]} Rxe5 {[%clk 0:09:19]} 47. Rb1 {[%clk 0:06:27]} Re3
{[%clk 0:05:46]} 48. Kg2 {[%clk 0:04:58]} Ra3 {[%clk 0:05:55]} 49. Rxb6
{[%clk 0:05:21]} Rxa4 {[%clk 0:06:22]} 50. Rxd6 {[%clk 0:04:22]} Rxc4
{[%clk 0:06:25]} 51. Rxa6 {[%clk 0:04:48]} Rd4 {[%clk 0:06:39]} 52. d6
{[%clk 0:04:37]} c4 {[%clk 0:06:35]} 53. Rc6 {[%clk 0:04:39]} c3 {[%clk 0:06:54]}
54. Kg3 {[%clk 0:04:05]} c2 {[%clk 0:05:59]} 55. Rxc2 {[%clk 0:03:38]} Rxd6
{[%clk 0:06:23]} 56. Kf4 {[%clk 0:03:59]} Rd5 {[%clk 0:06:18]} 57. Rc7+
{[%clk 0:04:04]} Kg8 {[%clk 0:06:15]} 58. Re7 {[%clk 0:04:06]} Ra5
{[%clk 0:06:30]} 59. Re5 {[%clk 0:04:05]} Ra7 {[%clk 0:06:46]} 60. Rd5
{[%clk 0:03:09]} Kg7 {[%clk 0:07:05]} 61. Kg5 {[%clk 0:03:25]} Rb7
{[%clk 0:07:24]} 62. h4 {[%clk 0:03:31]} Ra7 {[%clk 0:07:50]} 63. Rc5
{[%clk 0:03:24]} Rb7 {[%clk 0:08:14]} 64. Ra5 {[%clk 0:03:51]} Rc7
{[%clk 0:08:25]} 65. h5 {[%clk 0:03:45]} gxh5 {[%clk 0:08:28]} 66. Kxh5
{[%clk 0:04:10]} Rc6 {[%clk 0:08:18]} 67. Ra7+ {[%clk 0:04:34]} Kg8
{[%clk 0:08:47]} 68. Re7 {[%clk 0:04:47]} Ra6 {[%clk 0:09:14]} 69. Kg5
{[%clk 0:05:05]} Rb6 {[%clk 0:09:43]} 70. Kf5 {[%clk 0:05:26]} Ra6
{[%clk 0:09:54]} 71. g5 {[%clk 0:04:56]} Rb6 {[%clk 0:10:19]} 72. Kg4
{[%clk 0:05:15]} Ra6 {[%clk 0:10:40]} 73. Kh5 {[%clk 0:05:40]} Rb6
{[%clk 0:11:05]} 74. Rd7 {[%clk 0:05:13]} Ra6 {[%clk 0:11:31]} 75. g6
{[%clk 0:04:52]} 1/2-1/2

[Event "World Chess Olympiad 2018"]
[Site "Batumi"]
[Date "2018.09.28"]
[Round "5"]
[Board "2"]
[WhiteFideId "14700247"]
[White "Khusenkhojaev Muhammad"]
[BlackFideId "13701525"]
[Black "Ismagambetov Anuar"]
[Result "0-1"]
[LiveChessVersion "1.4.8"]
[BlackElo "2538"]
[WhiteElo "2430"]

1. Nf3 {[%clk 1:30:17]} d5 {[%clk 1:30:13]} 2. d4 {[%clk 1:30:35]} Nf6
{[%clk 1:30:34]} 3. c4 {[%clk 1:30:55]} e6 {[%clk 1:30:55]} 4. Nc3
{[%clk 1:30:30]} dxc4 {[%clk 1:28:18]} 5. Qa4+ {[%clk 1:30:36]} c6
{[%clk 1:24:31]} 6. Qxc4 {[%clk 1:30:58]} b5 {[%clk 1:24:46]} 7. Qb3
{[%clk 1:29:49]} a6 {[%clk 1:23:23]} 8. Bg5 {[%clk 1:24:16]} Nbd7
{[%clk 1:20:01]} 9. e3 {[%clk 1:23:52]} Be7 {[%clk 1:17:48]} 10. Be2
{[%clk 1:17:52]} Bb7 {[%clk 1:17:21]} 11. O-O {[%clk 1:12:35]} O-O
{[%clk 1:10:10]} 12. Rfd1 {[%clk 1:12:02]} c5 {[%clk 1:04:27]} 13. dxc5
{[%clk 1:03:17]} Qc8 {[%clk 1:01:39]} 14. a4 {[%clk 0:58:09]} Nxc5
{[%clk 1:00:58]} 15. Qb4 {[%clk 0:56:43]} bxa4 {[%clk 0:46:28]} 16. Nxa4
{[%clk 0:55:27]} Rb8 {[%clk 0:34:36]} 17. Bxf6 {[%clk 0:30:38]} Bxf3
{[%clk 0:30:59]} 18. Nb6 {[%clk 0:22:20]} Bxf6 {[%clk 0:30:57]} 19. Bxf3
{[%clk 0:19:55]} Qc7 {[%clk 0:30:46]} 20. Na8 {[%clk 0:13:11]} Qxh2+
{[%clk 0:27:54]} 21. Kxh2 {[%clk 0:13:11]} Rxb4 {[%clk 0:28:22]} 22. Ra5
{[%clk 0:11:04]} Be7 {[%clk 0:28:14]} 23. Nc7 {[%clk 0:08:37]} Rxb2
{[%clk 0:25:25]} 24. Kg1 {[%clk 0:09:06]} Rb6 {[%clk 0:17:12]} 25. Be2
{[%clk 0:09:07]} g6 {[%clk 0:15:07]} 26. Nxa6 {[%clk 0:08:10]} Nxa6
{[%clk 0:15:20]} 27. Rxa6 {[%clk 0:08:31]} Rxa6 {[%clk 0:15:44]} 28. Bxa6
{[%clk 0:08:57]} Kg7 {[%clk 0:14:44]} 29. Bb7 {[%clk 0:08:11]} h5
{[%clk 0:14:37]} 30. Rd7 {[%clk 0:08:13]} Kf6 {[%clk 0:12:30]} 31. g3
{[%clk 0:08:04]} Rh8 {[%clk 0:12:04]} 32. Kg2 {[%clk 0:07:35]} Bb4
{[%clk 0:09:30]} 33. Bf3 {[%clk 0:05:08]} Rc8 {[%clk 0:09:20]} 34. Rb7
{[%clk 0:05:33]} Be7 {[%clk 0:08:22]} 35. Rb2 {[%clk 0:05:46]} Rc4
{[%clk 0:07:56]} 36. Be2 {[%clk 0:05:55]} Ra4 {[%clk 0:08:09]} 37. Bd1
{[%clk 0:06:19]} Ra5 {[%clk 0:07:20]} 38. Be2 {[%clk 0:06:40]} Rc5
{[%clk 0:06:21]} 39. Rd2 {[%clk 0:06:55]} Kg7 {[%clk 0:06:44]} 40. Bf3
{[%clk 0:36:57]} h4 {[%clk 0:36:58]} 41. gxh4 {[%clk 0:33:17]} Bxh4
{[%clk 0:34:04]} 42. Rd4 {[%clk 0:33:39]} Be7 {[%clk 0:33:20]} 43. Rd7
{[%clk 0:33:49]} Kf8 {[%clk 0:32:32]} 44. Rd2 {[%clk 0:34:06]} Ra5
{[%clk 0:31:29]} 45. Rc2 {[%clk 0:34:21]} Bd6 {[%clk 0:31:00]} 46. Rd2
{[%clk 0:34:27]} Bc5 {[%clk 0:30:04]} 47. Rc2 {[%clk 0:34:41]} Ke7
{[%clk 0:30:23]} 48. Kf1 {[%clk 0:35:03]} f5 {[%clk 0:30:20]} 49. Ke2
{[%clk 0:35:01]} Kf6 {[%clk 0:30:28]} 50. Bc6 {[%clk 0:33:21]} g5
{[%clk 0:30:05]} 51. Bd7 {[%clk 0:32:57]} g4 {[%clk 0:29:09]} 52. Bc8
{[%clk 0:33:09]} Ke7 {[%clk 0:26:50]} 53. Kf1 {[%clk 0:31:46]} Kf6
{[%clk 0:26:29]} 54. Ke2 {[%clk 0:32:06]} Bd6 {[%clk 0:22:17]} 55. Kf1
{[%clk 0:30:19]} Rb5 {[%clk 0:20:29]} 56. Kg2 {[%clk 0:28:10]} Rb6
{[%clk 0:20:35]} 57. Ra2 {[%clk 0:27:27]} Rb1 {[%clk 0:18:44]} 58. Rc2
{[%clk 0:24:51]} Rd1 {[%clk 0:18:42]} 59. Ba6 {[%clk 0:24:40]} Ra1
{[%clk 0:17:18]} 60. Bc4 {[%clk 0:23:54]} e5 {[%clk 0:15:24]} 61. Ra2
{[%clk 0:23:29]} Rc1 {[%clk 0:15:48]} 62. Ra6 {[%clk 0:18:24]} Rd1
{[%clk 0:14:51]} 63. Bb3 {[%clk 0:18:33]} Rd3 {[%clk 0:15:03]} 64. Bc4
{[%clk 0:18:53]} Rd2 {[%clk 0:14:48]} 65. Ra2 {[%clk 0:19:17]} Rd1
{[%clk 0:15:14]} 66. Bb3 {[%clk 0:19:37]} Rb1 {[%clk 0:15:06]} 67. Ra6
{[%clk 0:19:55]} Rxb3 {[%clk 0:14:59]} 68. Rxd6+ {[%clk 0:20:20]} Kf7
{[%clk 0:15:03]} 69. Ra6 {[%clk 0:20:16]} Rd3 {[%clk 0:14:47]} 70. Kg3
{[%clk 0:20:17]} Ke7 {[%clk 0:14:51]} 71. Rb6 {[%clk 0:16:27]} Rd1
{[%clk 0:15:05]} 72. Ra6 {[%clk 0:15:49]} Rh1 {[%clk 0:12:39]} 73. Kg2
{[%clk 0:15:28]} Rh3 {[%clk 0:12:34]} 74. Rb6 {[%clk 0:15:28]} Kf7
{[%clk 0:12:39]} 75. Ra6 {[%clk 0:15:52]} Rf3 {[%clk 0:12:53]} 76. Rb6
{[%clk 0:15:29]} e4 {[%clk 0:12:53]} 77. Rb3 {[%clk 0:08:00]} Kf6
{[%clk 0:10:50]} 78. Ra3 {[%clk 0:08:13]} Kg5 {[%clk 0:11:12]} 79. Ra8
{[%clk 0:08:25]} Kf6 {[%clk 0:11:18]} 80. Ra6+ {[%clk 0:06:54]} Ke5
{[%clk 0:10:13]} 81. Ra3 {[%clk 0:07:12]} Kd5 {[%clk 0:10:37]} 82. Rc3
{[%clk 0:07:38]} f4 {[%clk 0:10:23]} 83. Kg1 {[%clk 0:04:00]} g3 {[%clk 0:09:27]}
84. fxg3 {[%clk 0:04:27]} fxe3 {[%clk 0:08:43]} 85. Rc2 {[%clk 0:04:36]} Kd4
{[%clk 0:08:33]} 86. Ra2 {[%clk 0:04:47]} Kd3 {[%clk 0:06:34]} 87. Ra3+
{[%clk 0:05:10]} Kc2 {[%clk 0:06:58]} 88. Ra2+ {[%clk 0:05:36]} Kb3
{[%clk 0:06:40]} 89. Re2 {[%clk 0:04:57]} Kc3 {[%clk 0:06:48]} 90. Ra2
{[%clk 0:05:22]} Rf2 {[%clk 0:05:12]} 91. Ra3+ {[%clk 0:04:29]} Kd2
{[%clk 0:05:12]} 92. Ra2+ {[%clk 0:04:25]} Kd3 {[%clk 0:05:37]} 93. Ra3+
{[%clk 0:04:41]} Ke2 {[%clk 0:06:00]} 94. g4 {[%clk 0:01:12]} Kf3
{[%clk 0:05:50]} 95. g5 {[%clk 0:00:53]} Rg2+ {[%clk 0:06:01]} 96. Kf1
{[%clk 0:00:40]} Rxg5 {[%clk 0:06:16]} 97. Rb3 {[%clk 0:00:36]} Rc5
{[%clk 0:05:43]} 98. Rb1 {[%clk 0:00:34]} Rh5 {[%clk 0:06:03]} 99. Kg1
{[%clk 0:00:58]} Rg5+ {[%clk 0:06:28]} 0-1

[Event "World Chess Olympiad 2018"]
[Site "Batumi"]
[Date "2018.09.28"]
[Round "5"]
[Board "3"]
[WhiteFideId "13700316"]
[White "Kazhgaleyev Murtas"]
[BlackFideId "14700727"]
[Black "Khusenkhojaev Mustafokhuja"]
[Result "1/2-1/2"]
[LiveChessVersion "1.4.8"]
[BlackElo "2229"]
[WhiteElo "2582"]

1. e4 {[%clk 1:30:57]} e5 {[%clk 1:30:54]} 2. Nf3 {[%clk 1:31:22]} Nc6
{[%clk 1:31:18]} 3. Bb5 {[%clk 1:31:47]} a6 {[%clk 1:31:40]} 4. Ba4
{[%clk 1:32:12]} Nf6 {[%clk 1:32:03]} 5. d3 {[%clk 1:32:26]} b5 {[%clk 1:32:21]}
6. Bb3 {[%clk 1:32:52]} Be7 {[%clk 1:32:45]} 7. O-O {[%clk 1:32:59]} d6
{[%clk 1:32:07]} 8. a4 {[%clk 1:29:15]} Bd7 {[%clk 1:28:51]} 9. Bd2
{[%clk 1:27:58]} O-O {[%clk 1:28:38]} 10. axb5 {[%clk 1:26:06]} axb5
{[%clk 1:29:02]} 11. Rxa8 {[%clk 1:26:33]} Qxa8 {[%clk 1:29:25]} 12. Nc3
{[%clk 1:27:00]} Na5 {[%clk 1:21:16]} 13. Nd5 {[%clk 1:26:31]} Nxd5
{[%clk 1:21:20]} 14. Bxd5 {[%clk 1:26:56]} c6 {[%clk 1:18:52]} 15. Ba2
{[%clk 1:25:25]} Nb7 {[%clk 1:12:25]} 16. Qa1 {[%clk 1:14:03]} Nc5
{[%clk 1:05:38]} 17. Be3 {[%clk 1:08:08]} Ne6 {[%clk 1:00:53]} 18. b4
{[%clk 1:03:01]} Qb7 {[%clk 0:51:11]} 19. c3 {[%clk 1:01:04]} Bf6
{[%clk 0:42:44]} 20. d4 {[%clk 0:48:48]} exd4 {[%clk 0:40:54]} 21. cxd4
{[%clk 0:48:54]} d5 {[%clk 0:34:45]} 22. e5 {[%clk 0:41:44]} Be7 {[%clk 0:35:01]}
23. Qc3 {[%clk 0:33:59]} Ra8 {[%clk 0:31:12]} 24. Bb3 {[%clk 0:33:59]} Nc7
{[%clk 0:28:30]} 25. Bc2 {[%clk 0:26:00]} Qa7 {[%clk 0:20:29]} 26. Bg5
{[%clk 0:19:30]} Bf8 {[%clk 0:20:20]} 27. Bc1 {[%clk 0:18:20]} g6
{[%clk 0:15:26]} 28. Qe3 {[%clk 0:11:31]} Ne6 {[%clk 0:13:19]} 29. Bd2
{[%clk 0:09:02]} Qa3 {[%clk 0:11:28]} 30. Rb1 {[%clk 0:08:50]} Qxe3
{[%clk 0:09:58]} 31. fxe3 {[%clk 0:08:19]} Ra2 {[%clk 0:10:08]} 32. Bb3
{[%clk 0:07:24]} Ra3 {[%clk 0:10:27]} 33. Ne1 {[%clk 0:06:04]} Nc7
{[%clk 0:09:46]} 34. Nc2 {[%clk 0:06:06]} Ra6 {[%clk 0:09:36]} 35. Kf2
{[%clk 0:04:39]} Bf5 {[%clk 0:08:27]} 36. Ke2 {[%clk 0:04:47]} Na8
{[%clk 0:08:30]} 37. Bc3 {[%clk 0:04:02]} Nb6 {[%clk 0:07:04]} 38. Ra1
{[%clk 0:04:17]} Rxa1 {[%clk 0:07:24]} 39. Nxa1 {[%clk 0:04:39]} Na8
{[%clk 0:05:54]} 40. Bc2 {[%clk 0:33:54]} Bg4+ {[%clk 0:34:14]} 41. Kf2
{[%clk 0:32:20]} Nc7 {[%clk 0:30:26]} 42. h3 {[%clk 0:32:07]} Bd7
{[%clk 0:29:22]} 43. Bd3 {[%clk 0:31:59]} Na6 {[%clk 0:28:04]} 44. Nc2
{[%clk 0:32:22]} f5 {[%clk 0:16:31]} 45. exf6 {[%clk 0:31:47]} Kf7
{[%clk 0:16:53]} 46. e4 {[%clk 0:30:14]} Kxf6 {[%clk 0:16:41]} 47. e5+
{[%clk 0:30:26]} Kf7 {[%clk 0:16:00]} 48. g4 {[%clk 0:28:29]} Be7
{[%clk 0:15:46]} 49. Bd2 {[%clk 0:27:40]} Be6 {[%clk 0:15:03]} 50. Be2
{[%clk 0:26:07]} Bd7 {[%clk 0:14:00]} 51. Ke3 {[%clk 0:23:58]} Be6
{[%clk 0:12:45]} 52. Kd3 {[%clk 0:24:17]} Bd7 {[%clk 0:12:59]} 53. Kc3
{[%clk 0:24:37]} Nc7 {[%clk 0:12:23]} 54. Ne1 {[%clk 0:23:46]} Ne6
{[%clk 0:12:34]} 55. Nf3 {[%clk 0:22:53]} Bc8 {[%clk 0:12:16]} 56. Be3
{[%clk 0:19:57]} Bd7 {[%clk 0:12:30]} 57. Bd2 {[%clk 0:17:40]} Bc8
{[%clk 0:12:54]} 58. Bd3 {[%clk 0:11:14]} Bd7 {[%clk 0:13:03]} 59. Kc2
{[%clk 0:10:04]} Bc8 {[%clk 0:13:19]} 60. Kd1 {[%clk 0:10:17]} Bd7
{[%clk 0:13:28]} 61. Ke2 {[%clk 0:09:17]} Bc8 {[%clk 0:13:52]} 62. Kf2
{[%clk 0:09:18]} Bd7 {[%clk 0:14:14]} 63. Kg3 {[%clk 0:09:23]} Bc8
{[%clk 0:14:17]} 64. h4 {[%clk 0:08:17]} Bd7 {[%clk 0:14:29]} 65. Bc3
{[%clk 0:05:48]} Bc8 {[%clk 0:14:28]} 66. Be2 {[%clk 0:04:49]} Bd7
{[%clk 0:14:39]} 67. Ne1 {[%clk 0:04:38]} Bc8 {[%clk 0:14:29]} 68. Nd3
{[%clk 0:04:14]} Bd7 {[%clk 0:14:42]} 69. Nc5 {[%clk 0:04:02]} Nxc5
{[%clk 0:14:24]} 70. bxc5 {[%clk 0:04:07]} Bd8 {[%clk 0:14:40]} 71. Bd2
{[%clk 0:04:18]} Be6 {[%clk 0:14:54]} 72. Bd3 {[%clk 0:03:50]} Bd7
{[%clk 0:15:07]} 73. Bc2 {[%clk 0:04:07]} Be6 {[%clk 0:15:20]} 74. h5
{[%clk 0:03:21]} Bd7 {[%clk 0:15:25]} 75. Bd3 {[%clk 0:02:48]} Be6
{[%clk 0:15:38]} 76. Bc2 {[%clk 0:03:08]} 1/2-1/2

[Event "World Chess Olympiad 2018"]
[Site "Batumi"]
[Date "2018.09.28"]
[Round "5"]
[Board "4"]
[WhiteFideId "14700280"]
[White "Karimov Alisher"]
[BlackFideId "13700669"]
[Black "Kostenko Petr"]
[Result "1/2-1/2"]
[LiveChessVersion "1.4.8"]
[BlackElo "2459"]
[WhiteElo "2182"]

1. d4 {[%clk 1:30:55]} Nf6 {[%clk 1:30:38]} 2. Nf3 {[%clk 1:31:04]} e6
{[%clk 1:29:58]} 3. c4 {[%clk 1:31:13]} Bb4+ {[%clk 1:28:31]} 4. Bd2
{[%clk 1:31:30]} a5 {[%clk 1:28:49]} 5. a3 {[%clk 1:28:51]} Be7 {[%clk 1:27:13]}
6. Nc3 {[%clk 1:29:02]} d5 {[%clk 1:27:27]} 7. Bf4 {[%clk 1:25:13]} c6
{[%clk 1:19:32]} 8. e3 {[%clk 1:23:23]} Nh5 {[%clk 1:19:27]} 9. Be5
{[%clk 1:17:25]} Nd7 {[%clk 1:19:45]} 10. Bd3 {[%clk 1:14:00]} Nxe5
{[%clk 1:16:43]} 11. dxe5 {[%clk 1:13:11]} g6 {[%clk 1:16:58]} 12. O-O
{[%clk 1:01:44]} O-O {[%clk 1:17:01]} 13. Qc2 {[%clk 0:53:35]} f6
{[%clk 1:16:31]} 14. Rad1 {[%clk 0:46:01]} fxe5 {[%clk 1:12:26]} 15. Nxe5
{[%clk 0:45:08]} Bd6 {[%clk 1:06:32]} 16. f4 {[%clk 0:41:27]} Bc5
{[%clk 1:03:12]} 17. Rf3 {[%clk 0:31:30]} Nxf4 {[%clk 0:59:35]} 18. cxd5
{[%clk 0:28:51]} Qg5 {[%clk 0:24:48]} 19. Ne4 {[%clk 0:23:24]} Bxe3+
{[%clk 0:25:05]} 20. Rxe3 {[%clk 0:22:21]} Qxe5 {[%clk 0:25:30]} 21. dxc6
{[%clk 0:17:19]} bxc6 {[%clk 0:25:33]} 22. Bf1 {[%clk 0:10:01]} Ba6
{[%clk 0:16:50]} 23. Qc3 {[%clk 0:03:29]} Qxc3 {[%clk 0:10:26]} 24. Nxc3
{[%clk 0:03:37]} Bxf1 {[%clk 0:10:36]} 25. Rxf1 {[%clk 0:04:06]} Rab8
{[%clk 0:10:02]} 26. Na4 {[%clk 0:03:01]} Rbd8 {[%clk 0:07:08]} 27. Nc5
{[%clk 0:01:17]} Rd2 {[%clk 0:02:14]} 28. Nxe6 {[%clk 0:01:27]} Nxe6
{[%clk 0:02:32]} 29. Rxe6 {[%clk 0:01:55]} Rxb2 {[%clk 0:01:51]} 30. Rxf8+
{[%clk 0:02:08]} Kxf8 {[%clk 0:02:18]} 31. Rxc6 {[%clk 0:02:29]} Rb3
{[%clk 0:02:43]} 32. Rc8+ {[%clk 0:02:32]} Kg7 {[%clk 0:03:06]} 33. Rc7+
{[%clk 0:02:53]} Kh6 {[%clk 0:03:27]} 34. h4 {[%clk 0:03:05]} Rxa3
{[%clk 0:03:45]} 35. Kh2 {[%clk 0:00:59]} a4 {[%clk 0:01:59]} 36. Ra7
{[%clk 0:01:18]} g5 {[%clk 0:02:04]} 37. hxg5+ {[%clk 0:01:40]} Kg6
{[%clk 0:02:31]} 38. Ra5 {[%clk 0:01:36]} Kh5 {[%clk 0:01:46]} 39. Ra7
{[%clk 0:01:55]} Kxg5 {[%clk 0:02:00]} 40. Rxh7 {[%clk 0:32:17]} Rb3
{[%clk 0:32:26]} 41. Ra7 {[%clk 0:31:52]} a3 {[%clk 0:32:52]} 42. Ra4
{[%clk 0:31:33]} Kf5 {[%clk 0:27:30]} 43. g4+ {[%clk 0:31:04]} Ke5
{[%clk 0:27:44]} 44. Kg2 {[%clk 0:30:59]} Kd5 {[%clk 0:28:05]} 45. g5
{[%clk 0:31:21]} Rb2+ {[%clk 0:26:59]} 46. Kf3 {[%clk 0:31:18]} a2
{[%clk 0:27:25]} 47. g6 {[%clk 0:31:09]} Rb3+ {[%clk 0:27:44]} 48. Kg2
{[%clk 0:31:25]} Rb2+ {[%clk 0:27:56]} 49. Kf3 {[%clk 0:31:44]} Rb3+
{[%clk 0:27:21]} 50. Kg2 {[%clk 0:32:13]} Rb2+ {[%clk 0:26:48]} 51. Kf3
{[%clk 0:32:41]} Rb3+ {[%clk 0:27:14]} 52. Kg2 {[%clk 0:32:41]} Rb2+
{[%clk 0:27:38]} 53. Kf3 {[%clk 0:32:59]} Rb3+ {[%clk 0:28:04]} 54. Kg2
{[%clk 0:33:26]} 1/2-1/2